书目信息 |
| 题名: |
《<政治经济学批判>序言》句读
|
|
| 作者: | 王秋梅 著 | |
| 分册: | ||
| 出版信息: | 桂林 广西师范大学出版社 2021.01 |
|
| 页数: | 222页 | |
| 开本: | 20cm | |
| 丛书名: | ||
| 单 册: | ||
| 中图分类: | A811.22 | |
| 科图分类: | ||
| 主题词: | 马恩著作--学习 , 马恩著作研究 | |
| 电子资源: | ||
| ISBN: | 7-5598-3597-X | |
| 000 | 00641nam0 2200205 450 | |
| 001 | 2260147404 | |
| 005 | 20220906164339.72 | |
| 010 | @a7-5598-3597-X@dCNY48.00 | |
| 100 | @a20220906d2021 km y0chiy0120 ea | |
| 101 | 0 | @achi |
| 102 | @aCN@b450000 | |
| 200 | 1 |
@a《<政治经济学批判>序言》句读@A《 |
| 210 | @a桂林@c广西师范大学出版社@d2021.01 | |
| 215 | @a222页@d20cm | |
| 606 | 0 | @a马恩著作@x学习 |
| 606 | 0 | @a马恩著作研究 |
| 690 | @aA811.22@v4 | |
| 701 | 0 | @a王秋梅@AWang Qiu Mei@4著 |
| 801 | 0 | @aCN@b大连网信软件有限公司图书馆·11@c20220906 |
| 905 | @aZUCC@dA811.22@e386 | |
| 《<政治经济学批判>序言》句读/王秋梅著.-桂林:广西师范大学出版社,2021.01 |
| 222页;20cm |
| ISBN 7-5598-3597-X:CNY48.00 |
| ● |
| 相关链接 |
|
|
|
|
正题名:《<政治经济学批判>序言》句读
索取号:A811.22/386
 
预约/预借
| 序号 | 登录号 | 条形码 | 馆藏地/架位号 | 状态 | 备注 |
| 1 | 1056720 | 210567206 | 第一样本阅览室/ [索取号:A811.22/386] | 在馆 |